L' office du juge et la preuve dans le contentieux administratif

Guardat en:
Dades bibliogràfiques
Autor principal: Colson, Jean-Philippe (Autor)
Format: Llibre
Idioma:francès
Publicat: París Librairie Générale de Droit et de Jurisprudence 1970
Col·lecció:Bibliothéque de Droit Public, 101
Matèries:
Etiquetes: Afegir etiqueta
Sense etiquetes, Sigues el primer a etiquetar aquest registre!

MARC

LEADER 00000nam a2200000 a 4500
001 UCS5389
003 CL-VaPUC
008 970830e19700000FR |||||||||||||||||fre|d
082 0 4 |a 342.066  |b COL  |2 21 
100 0 |a Colson, Jean-Philippe  |e author  |9 391197 
245 1 3 |a L' office du juge et la preuve dans le contentieux administratif 
300 |a 223 p 
942 |c BK 
945 |d 19970830 00:00:00  |a lriquelm 
260 |a París  |b Librairie Générale de Droit et de Jurisprudence  |c 1970 
650 0 |a Derecho administrativo  |9 254851 
650 7 |a CONTENCIOSO ADMINISTRATIVO  |2 CL-VaPUC  |9 255490 
650 0 |a Pruebas  |9 256249 
583 |a last modification  |c 19970830 00:00:00  |k Rodrigo Vera 
490 0 |a Bibliothéque de Droit Public, 101 
999 |c 261902  |d 261900 
952 |0 0  |1 0  |4 0  |6 342_066000000000000_COL_1970  |7 0  |8 A  |9 289809  |a BIBDER  |b BIBDER  |d 2019-11-19  |i 1877402  |o 342.066 COL 1970  |p 1877402  |r 2023-01-25  |w 2019-11-19  |y BK  |k DER